Dunaj v Amerike /
Uložené v:
| Hlavný autor: | |
|---|---|
| Ďalší autori: | |
| Médium: | Kniha |
| Jazyk: | Slovak |
| Vydané: |
Bratislava :
Albert Marenčin - Vydavateľstvo PT,
2010.
|
| Vydanie: | 1. vyd. |
| Témy: | |
| ISBN: |
9788081140044 (viaz.) |
| Fyzický popis: |
329 s. : fotogr., mp. ; 21 cm. |
| Tagy: |
Pridať tag
Žiadne tagy, Buďte prvý kto otaguje tento záznam!
|
Titul je dostupný aj v ... 

MARC
| LEADER | 00000nam a2200000 a 4500 | ||
|---|---|---|---|
| 001 | 000171855 | ||
| 005 | 20101021080426.0 | ||
| 008 | 100521s2010 xo e 000 f slo d | ||
| 020 | |a 9788081140044 (viaz.) | ||
| 040 | |a SVKKK |b slo |c SVKKK |e AACR2 | ||
| 041 | 0 | |a slo | |
| 044 | |a xo |c SK | ||
| 072 | 7 | |a 821.162.4-3 |x Slovenská próza |2 konspekt | |
| 080 | |a 821.162.4-31 |2 2001 | ||
| 080 | |a (82-311.8) |2 2001 | ||
| 100 | 1 | |a Hvorecký, Michal, |d 1976- | |
| 245 | 1 | 0 | |a Dunaj v Amerike / |c Michal Hvorecký ; [fotografie v knihe a na predsádkach Johann Eilingsfeld]. |
| 250 | |a 1. vyd. | ||
| 260 | |a Bratislava : |b Albert Marenčin - Vydavateľstvo PT, |c 2010. | ||
| 300 | |a 329 s. : |b fotogr., mp. ; |c 21 cm. | ||
| 500 | |a Fotogr. na predsádkach | ||
| 655 | 7 | |a slovenské romány |2 SVKKKPH | |
| 655 | 7 | |a cestopisné romány |2 SVKKKPH | |
| 700 | 1 | |a Eilingsfeld, Johann |4 pht | |
| 910 | |a svkkk | ||
| 919 | |a 978-80-8114-004-4 | ||
| 998 | |a BK | ||
| 090 | |g SCKHL |k Sklad Hlavná 10 prízemie |a III.217480 |j 1020921 |i 2720200126 |s Povinný výt. | ||